Statistics for Most-Visited Countries by South Koreans

Click here to take the quiz!

General Stats

  • This quiz has been taken 719 times
  • The average score is 12 of 16

Answer Stats

VisitsCountry% Correct
4,444,400China
99%
4,002,053Japan
98%
1,764,871United States
98%
237,166United Kingdom
92%
1,372,994Thailand
90%
1,152,349Vietnam
88%
230,100Australia
87%
263,319Indonesia
87%
1,339,678Philippines
82%
421,161Malaysia
81%
658,757Taiwan
80%
577,082Singapore
79%
296,900Germany
77%
395,259Cambodia
59%
222,580Turkey
38%
277,032Austria
14%

Score Distribution

Percentile by Number Answered

Percent of People with Each Score

Your Score History

You have not taken this quiz